000
00283nam a22001217a 4500
041
_a
ENG
100
_a
Chavan.Y
245
_a
Yashawantrao Chavan Atmacharitra ( Khand - 1 )
260
_a
Pune
_b
Prestig Prakashan
_c
1987
300
_a
321
650
_a
Marathi
856
_u
Marathi ( 33 )
999
_c
2223
_d
2223